| 000 | 00000nam 2200000za 4500 |
| 001 | 9.846861 |
| 003 | CaOODSP |
| 005 | 20221107153315 |
| 007 | cr ||||||||||| |
| 008 | 171108q1997 xxcado |o f10| 0 fre d |
| 040 | |aCaOODSP|bfre |
| 043 | |an-cn--- |
| 086 | 1 |aNH15-182/1997F-PDF |
| 245 | 00|aSymposium sur le logement au XXIe siècle |h[ressource électronique] : |bcompte rendu / |cAvi Friedman, rédacteur. |
| 260 | |a[S.l. : |bSCHL, |c1997?] |
| 300 | |a39 p. : |bill., photos, graphiques. |
| 500 | |aPubl. aussi en anglais sous le titre : Housing, the next century : symposium proceedings. |
| 692 | 07|2gccst|aLogement |
| 700 | 1 |aFriedman, Avi,|d1952- |
| 710 | 2 |aSociété canadienne d'hypothèques et de logement. |
| 711 | 2 |aSymposium sur le logement au XXIe siècle|d(1996 :|cÉcole d'architecture, Université McGill, Montréal, Québec) |
| 775 | 08|tHousing the next century : |w(CaOODSP)9.569534 |
| 776 | 0#|tSymposium sur le logement au XXIe siècle : |w(CaOODSP)9.680175 |
| 856 | 40|qPDF|s2.71 Mo|uhttps://publications.gc.ca/collections/collection_2017/schl-cmhc/nh15/NH15-182-1997-fra.pdf |